Curso de operadores diferenciais elíticos de segunda ordem.
Guardado en:
| Autor Principal: | |
|---|---|
| Formato: | Libro |
| Idioma: | Italian |
| Publicado: |
São Paulo,
1966 [cover 1968]
|
| Materias: | |
| Etiquetas: |
Agregar Etiqueta
Sin Etiquetas, Sea el primero en etiquetar este registro!
|
| LEADER | 00730nam a2200205ua 4500 | ||
|---|---|---|---|
| 001 | MAT.inmabb005910 | ||
| 008 | 820308s1966####bl############000#0#ita## | ||
| 005 | 20170623154027.0 | ||
| 245 | 1 | 0 | |a Curso de operadores diferenciais elíticos de segunda ordem. |
| 260 | |a São Paulo, |c 1966 [cover 1968] | ||
| 300 | |a 90 p. ; |c 27 cm. | ||
| 510 | 4 | |a MR, |c *REVIEW #* | |
| 100 | 1 | |a Kupka, Ivan. [from old catalog] | |
| 740 | |a Operadores diferenciais eliticos de segunda ordem. | ||
| 810 | 2 | |a Sociedade de Matemática de São Paulo. |b Publicações. [from old catalog] | |
| 650 | 0 | |a Differential operators. [from old catalog] | |
| 084 | |a 31-XX |2 msc2000 | ||
| 010 | |a 70241698 | ||
| 040 | |a DLC |c CarP |d DLC | ||
| 859 | |h 31 |i K96 |p A-4661 |b BIB. MATEMATICA | ||
